Statistiques concernant Pays africains les plus proches de la Suisse

Cliquez ici pour prendre le quiz!

Statistiques générales

  • Ce quiz a été pris 245 fois
  • Le résultat moyen est 16 sur 20

Statistiques - réponses

kmpays% Correct
1431Maroc
100%
977Algérie
99%
943Tunisie
99%
2068Egypte
96%
1429Libye
92%
2551Mali
86%
3009Soudan
86%
3817Senegal
84%
2495Niger
83%
2486Mauritanie
81%
3592Nigeria
79%
2564Tchad
78%
3947Togo
66%
3525Burkina Faso
65%
3670Cameroun
64%
3951Ghana
64%
3760Benin
62%
4016Guinée
61%
4077Erythree
58%
4070République centrafricaine
56%

Distribution des résultats

Percentile par nombre de réponses

% des personnes avec chaque résultat

Votre développement - résultats

Vous n’avez pas pris ce quiz